000 00570 a2200133 4500
082 _aMSIT-8
100 _aSaif-ur-Rehman
_927521
245 _aUsing ICT for reliable identification and authentication of medicine
_cSaif-ur-Rehman
260 _aIslamabad
_bNUST School of Electrical Engineering and Computer Science
_c2011.
300 _ax,61p.
_b:ill.
_c;27cm.+
_eCD-ROM
500 _aSupervisors: Dr. Raihan ur Rasool, Dr. Zahid Anwar, Mr. Aatif Kamal, Mr. Qasim Mahmood Rajpoot
856 _uhttp://10.250.8.41:8080/xmlui/handle/123456789/10248
942 _cPR
_kMSIT-8
_2ddc
999 _c10495
_d10495